Welcome to the Holygrace Academy Library

Please use search bar below to get started

OLIVER TWIST (Record no. 7004)

MARC details
000 -LEADER
fixed length control field 00302nam a22001337a 4500
020 ## - INTERNATIONAL STANDARD BOOK NUMBER
ISBN 9789390120130
082 ## - DEWEY DECIMAL CLASSIFICATION NUMBER
Classification number 823
Item number CHA/O
100 ## - MAIN ENTRY--AUTHOR NAME
Personal name DICKENS, CHARLES
245 ## - TITLE STATEMENT
Title OLIVER TWIST
260 ## - PUBLICATION, DISTRIBUTION, ETC. (IMPRINT)
Place of publication KUNNAMKULAM
Name of publisher RED ROSE PUBLISHING HOUSE
Year of publication 2022
300 ## - PHYSICAL DESCRIPTION
Number of Pages 160
650 ## - SUBJECT ADDED ENTRY--TOPICAL TERM
Topical Term NOVEL
Geographic subdivision KERALA
942 ## - ADDED ENTRY ELEMENTS (KOHA)
Koha item type Books
Holdings
Withdrawn status Lost status Collection code Home library Current library Shelving location Date acquired Source of acquisition Cost, normal purchase price Full call number Accession Number Koha item type
    Fiction Main Library Main Library NEW SHELF WITH NEW ENTRY 02/11/2023 purchase 80.00 823 CHA/O 13295 Books